000 01074nam2a22002531 4500
001 RU\NLR\A1SV\122463
005 20260407070734.0
035 _a(NLR Aleph) 010443132
090 _a13291685
_c13291685
100 _a20131031d1925 u y0rusy50 ca
101 0 _arus
200 1 _aВооруженное восстание
_aДекабрьское восстание
_fЕм.Ярославский
210 _d1925
215 _a[5], 248 с., 1 л. карт.
461 1 _1001RU\NLR\A1SV\122459
_12000#$vТ.3, вып.2
_99898494
_cМ.
_d1926
_fПод ред. М.Н.Покровского
_nГос. изд.
_oИстория революц. движения в отд. очерках
_t1905
_vТ.3, вып.2
702 1 _4080
_7ca
_8rus
_aЯрославский
_bЕ. М.
_cгос. и парт. деятель
_f1878-1943
_gЕмельян Михайлович
_9172674
_3RU\NLR\AUTH\770172725
801 0 _aRU
_bNLR
_c20131031
899 _aРНБ
_j90-7/373-3-2
899 _aРНБ
_jМф К-1/14558-3-2
942 _cBOOK
980 _aA1SV
980 _aA1SV
980 _aNB